000
00205nam a2200085Ia 4500
008
120527s9999 xx 000 0 und d
100
_a
Pojman, P.Loius
245
_a
Philosohy:the guest for truth
942
_c
BK
999
_c
27401
_d
27401